000 00720nam a2200217Ii 4500
003 JO-AjNU
008 230605s9999||||xx |||||||||||||| ||und||
017 _a1995/3/311
040 _aJO-AjNU
_bara
_erda
_cJO-AjNU
041 _aara
050 1 4 _aHB135.Q82.1995
100 3 _aقوقزة، علي/ وليد شواقفة/عزام صبري,
_eauthor
_936779
245 0 0 _aالرياضيات في الاقتصاد والادارة
250 _aط1
264 3 1 _aعمان:المركز العربي للخدمات الطلابية،1995
300 _a299ص
336 _atext
_btxt
_2rdacontent
337 _aunmediated
_bn
_2rdamedia
338 _avolume
_bnc
_2rdacarrier
650 4 _aاقتصاد رياضي.
_936780
999 _aA15311
_c18879
_d18879